Tres espejos: espada

Gespeichert in:
Bibliographische Detailangaben
1. Verfasser: Vargas, Sebastián (VerfasserIn)
Format: Buch
Sprache:Spanisch
Veröffentlicht: Santiago Ediciones SM 2018
Ausgabe:3a. ed
Schlagworte:
Tags: Tag hinzufügen
Keine Tags, Fügen Sie den ersten Tag hinzu!

MARC

LEADER 00000cam a2200000 a 4500
001 UCC7741
003 CL-VaPUC
008 190505e20180000cl |||||||||||||||||spa|d
020 |a 9789563498899 
082 0 4 |a Ar863  |b VAR  |2 21 
100 0 |a Vargas, Sebastián  |e author  |9 602414 
245 1 0 |a Tres espejos: espada 
246 1 0 |a Tres espejos: luna 
250 |a 3a. ed 
300 |a 349 p 
942 |c BK 
945 |d 20190505 21:05:00  |a dcastane 
260 |a Santiago  |b Ediciones SM  |c 2018 
650 0 |a Novelas argentinas  |9 267871 
650 0 |a Literatura argentina  |9 320596 
583 |a last modification  |c 20190505 21:05:00  |k Rodrigo Vera 
999 |c 374291  |d 374289